header

Water quality (Record no. 164669)

MARC details
000 -LEADER
fixed length control field 01577nam a2200373Ia 4500
245 00 - TITLE STATEMENT
Title Water quality
260 ## - PUBLICATION, DISTRIBUTION, ETC. (IMPRINT)
Place of publication London :
Name of publisher IWA Pub.,
Year of publication 2001.
300 ## - PHYSICAL DESCRIPTION
Number of Pages xiv, 431 p. :
Other physical details ill., tables.
490 1# - SERIES STATEMENT
Series statement World Health Organization water series
500 ## - GENERAL NOTE
General note "Published on behalf of the World Health Organization"--T.p. verso.
General note Includes index.
650 #0 - SUBJECT ADDED ENTRY--TOPICAL TERM
Topical Term Water quality
Topical Term Water quality
Topical Term Waterborne infection.
Topical Term Health risk assessment.
700 1# - ADDED ENTRY--PERSONAL NAME
Personal name Fewtrell, Lorna.
Personal name Bartram, Jamie.
856 40 - ELECTRONIC LOCATION AND ACCESS
Uniform Resource Identifier http://site.ebrary.com/lib/rucke/Doc?id=10039193

No items available.

© 2026 Rongo University
Contact us: librarian | system librarian | Rongo university